01820nas a22002177a 450000500170000000700120001700800410002902200140007004000090008408200150009324500770010826000380018530000160022331000140023936500160025350012090026965000640147865100100154265500140155285600360156620200515101335.0cz aa aaaaa200428c q||poo|||| 00| 0 eng d a2664-8806 coclc a658bJOU/M aInternational Journal of Research in Managementhe-Journal (Open Access) bPrime PublicationsaDelhi, India  aPDF(online) aQuarterly eOpen Access aInternational Journal of Research in Management is an open access, peer-reviewed and refereed journal. This journal is peer-reviewed and refereed journal publishing high quality papers on all aspects of Management and Economics, Human Resource Management, Organizational Behavior and Organizational Management, International Business, Knowledge Management, Environmental Management, Data Analysis and Decision Making, Technology and Operations Management, Strategic Decision Making, Negotiations and Competitive Decision Making, Ethics in Management, Corporate Governance, Corporate Social Responsibility, Entrepreneurship and Innovation, Public Management, Rural Management, General Management, Hotel Management, Intellectual Property Rights, Education Management, Communication Management, Lifecycle Management, Spiritual Management, Tourism Management, Hospitality Management, Leisure Management, Inventory Management, Waste Management, Hospital Management, Financial Markets, International Business, International Finance, E-Business, Empirical Finance, Financial Economics, Financial Engineering, Financial Forecasting, Financial Risk Management and Analysis, Systemic Risk, Corporate Finance, etc. 0aTechnologyvManagementzManagement & auxiliary services 0aIndia 0ae-Journal uhttp://www.managementpaper.net/